000 00759nam a2200181Ia 4500
008 100920s9999 xx 000 0 und d
082 _b73477
_a200 थ 96
100 _aस्वामी सत्यदेवानंद सरस्वती.
245 _aश्री ज्ञानेश्वरी अध्याय 10.
260 _bबांदेकर शिवानंद कृष्णा, कोल्हापूर.
_c1996
300 _a16
_bसाधी
365 _b0
520 _aधार्मिक.
630 _aश्री ज्ञानेश्वरी अध्याय 10.
650 _aधार्मिक.
730 _aश्री ज्ञानेश्वरी अध्याय 10.
942 _cBOOK
999 _c715140
_d715137